000 00765cam a2200265 i 4500
999 _c8459
_d8459
001 8459
003 BD-JhCC
005 20180224201714.0
008 800815s1979 ii a 001 0 eng
020 _a070690978X
035 _a(BD-JhCC)8459
040 _aDLC
_cDLC
_dDLC
_dBD-JhCC
041 _aeng
050 0 0 _aDS386
_b.A69
082 0 0 _a954.9/045
_219
_bASG 1979
100 1 _aAsghar Khan, Mohammad,
_d1921-
245 1 4 _aThe first round, Indo-Pakistan war 1965 /
_cM. Asghar Khan ; foreword by Altaf Gauhar.
250 _a1st Indian ed.
260 _aSahibabad, Dist. Ghaziabad :
_bVikas,
_c1979.
300 _axx, 146 p. :
_bill. ;
_c23 cm.
500 _aIncludes index.
650 0 _aIndia-Pakistan Conflict, 1965.
942 _2ddc
_cBK